[Event "El Vendrell op 4th"]
[Site "El Vendrell"]
[Date "2024.07.13"]
[Round "3"]
[White "Gual Pascual, Antonio"]
[Black "Pros Heras, Jordi"]
[Result "1/2-1/2"]
[WhiteElo "2317"]
[BlackElo "1970"]
[PlyCount "106"]
[EventDate "2024.07.13"]
[EventType "swiss"]
[EventRounds "9"]
[EventCountry "ESP"]
[SourceTitle "CBM 221 Extra"]
[Source "ChessBase"]
[SourceDate "2024.09.30"]
[SourceVersion "1"]
[SourceVersionDate "2024.09.30"]
[SourceQuality "1"]

1. c4 Nf6 2. Nf3 e6 3. g3 d5 4. Bg2 Be7 5. 0-0 0-0 6. d4 dxc4 7. Qc2 c6 8. Qxc4 b5 9. Qc2 Bb7 10. Rd1 Nbd7 11. Ne5 Nxe5 12. dxe5 Nd5 13. Nc3 Qb6 14. Ne4 c5 15. Bg5 Nb4 16. Qc1 Bxg5 17. Qxg5 Bxe4 18. Bxe4 Rad8 19. h4 h6 20. Qf4 Rxd1+ 21. Rxd1 Rd8 22. Rd6 Rxd6 23. exd6 Nc6 24. d7 Nd8 25. g4 Kf8 26. h5 Ke7 27. g5 Qd6 28. Qe3 Qe5 29. f4 Qd4 30. Qxd4 cxd4 31. Bd3 a6 32. a4 bxa4 33. Bxa6 Kxd7 34. Bb5+ Kd6 35. Bxa4 Kc5 36. Kf2 Kb4 37. Bc2 Kc4 38. Kf3 f6 39. gxh6 gxh6 40. Ke4 Nf7 41. Bd3+ Kc5 42. b4+ Kxb4 43. Kxd4 Nd6 44. e4 Nf7 45. e5 fxe5+ 46. fxe5 Ng5 47. Be2 Nf7 48. Bf1 Ng5 49. Bd3 Nf3+ 50. Ke4 Ng5+ 51. Kd4 Nf3+ 52. Ke4 Ng5+ 53. Kd4 Nf3+ 1/2-1/2

[Event "El Vendrell op 4th"]
[Site "El Vendrell"]
[Date "2024.07.13"]
[Round "4"]
[White "Lalic, Bogdan"]
[Black "Pros Heras, Jordi"]
[Result "1-0"]
[WhiteElo "2416"]
[BlackElo "1970"]
[PlyCount "45"]
[EventDate "2024.07.13"]
[EventType "swiss"]
[EventRounds "9"]
[EventCountry "ESP"]
[SourceTitle "CBM 221 Extra"]
[Source "ChessBase"]
[SourceDate "2024.09.30"]
[SourceVersion "1"]
[SourceVersionDate "2024.09.30"]
[SourceQuality "1"]

1. c4 Nf6 2. Nc3 e6 3. e4 d5 4. e5 d4 5. exf6 dxc3 6. bxc3 Qxf6 7. Nf3 b6 8. g3 Bb7 9. Bg2 Nd7 10. d4 h6 11. 0-0 0-0-0 12. a4 a5 13. Qe2 g5 14. Be3 g4 15. Nd2 Bxg2 16. Kxg2 h5 17. c5 Kb7 18. Rab1 Ka7 19. Qc4 Rb8 20. c6 h4 21. cxd7 Bd6 22. Rb5 Qg6 23. d5 1-0

[Event "El Vendrell op 3rd"]
[Site "El Vendrell"]
[Date "2023.07.15"]
[Round "2"]
[White "Pros Heras, Jordi"]
[Black "Valderrama Quiceno, Esteban Alberto"]
[Result "0-1"]
[WhiteElo "1953"]
[BlackElo "2526"]
[PlyCount "52"]
[EventDate "2023.07.15"]
[EventType "swiss (rapid)"]
[EventRounds "9"]
[EventCountry "ESP"]
[SourceTitle "CBM 215 Extra"]
[Source "ChessBase"]
[SourceDate "2023.09.30"]
[SourceVersion "1"]
[SourceVersionDate "2023.09.30"]
[SourceQuality "1"]

1. d4 Nf6 2. c4 e6 3. Nc3 Bb4 4. f3 d5 5. a3 Bxc3+ 6. bxc3 0-0 7. cxd5 exd5 8. e3 c5 9. Bd3 Re8 10. Ne2 b6 11. 0-0 Ba6 12. Ng3 Qc8 13. e4 cxd4 14. cxd4 Bxd3 15. Qxd3 Qa6 16. Qxa6 Nxa6 17. Bg5 Nd7 18. Rac1 h6 19. Bf4 Nf8 20. exd5 Rad8 21. Bc7 Rxd5 22. Rfd1 Ne6 23. Be5 f6 24. Bxf6 gxf6 25. Ne4 Kf7 26. Rc6 Red8 0-1

[Event "Catalunya-chT Gp2 Final"]
[Site "Barcelona"]
[Date "2023.03.18"]
[Round "2.7"]
[White "Molina Carretero, Daniel"]
[Black "Pros Heras, Jordi"]
[Result "1/2-1/2"]
[WhiteElo "2209"]
[BlackElo "2055"]
[PlyCount "127"]
[EventDate "2023.03.11"]
[EventType "team-k.o."]
[EventRounds "4"]
[EventCountry "ESP"]
[SourceTitle "EXT 2024"]
[Source "ChessBase"]
[SourceDate "2023.10.10"]
[SourceVersion "1"]
[SourceVersionDate "2023.10.10"]
[SourceQuality "1"]
[WhiteTeam "Olot"]
[BlackTeam "Lira Vendrellenca"]
[WhiteTeamCountry "ESP"]
[BlackTeamCountry "ESP"]

1. c4 Nf6 2. g3 c5 3. Bg2 d5 4. cxd5 Nxd5 5. Nc3 Nc7 6. Qa4+ Qd7 7. d3 Nc6 8. Bxc6 bxc6 9. Nf3 f6 10. Be3 e5 11. Ne4 Ne6 12. Rc1 Rb8 13. Qc2 Qb7 14. b3 Qb4+ 15. Nfd2 f5 16. Bxc5 Nxc5 17. Nxc5 Kf7 18. Qc4+ Qxc4 19. Rxc4 Be7 20. 0-0 Rd8 21. Rfc1 e4 22. d4 Bxc5 23. Rxc5 Rxd4 24. Nc4 Ke7 25. e3 Rd5 26. Na5 Bd7 27. Nxc6+ Bxc6 28. Rxc6 Rbd8 29. Rc7+ R8d7 30. Kf1 Rd2 31. R1c2 Rd1+ 32. Ke2 Ra1 33. h4 g6 34. Rxd7+ Kxd7 35. Kd2 Kd6 36. Kc3 a5 37. a3 h6 38. Kb2 Rd1 39. b4 a4 40. Kc3 Rd3+ 41. Kc4 Rxa3 42. b5 Ra1 43. Kb4 a3 44. Rc6+ Kd7 45. Rxg6 a2 46. Kb3 Rf1 47. Kxa2 Rxf2+ 48. Kb3 Rf3 49. Kc4 Rxe3 50. h5 Re1 51. Rxh6 e3 52. Kd3 e2 53. b6 Rg1 54. Kxe2 Rxg3 55. b7 Kc7 56. Rb6 Kb8 57. h6 Rh3 58. Kf2 f4 59. Kg2 Rg3+ 60. Kf2 Rh3 61. Ke2 Re3+ 62. Kf1 Rf3+ 63. Ke1 Rh3 64. Kf2 1/2-1/2

[Event "Catalunya-chT Gp2 Final"]
[Site "Barcelona"]
[Date "2023.03.11"]
[Round "1.7"]
[White "Pros Heras, Jordi"]
[Black "Travesset Ribera, Joaquin"]
[Result "1/2-1/2"]
[WhiteElo "2055"]
[BlackElo "2118"]
[PlyCount "34"]
[EventDate "2023.03.11"]
[EventType "team-k.o."]
[EventRounds "4"]
[EventCountry "ESP"]
[SourceTitle "EXT 2024"]
[Source "ChessBase"]
[SourceDate "2023.10.10"]
[SourceVersion "1"]
[SourceVersionDate "2023.10.10"]
[SourceQuality "1"]
[WhiteTeam "Lira Vendrellenca"]
[BlackTeam "Mollet"]
[WhiteTeamCountry "ESP"]
[BlackTeamCountry "ESP"]

1. d4 d5 2. c4 Nc6 3. Nc3 Nf6 4. Nf3 dxc4 5. e4 Bg4 6. d5 Ne5 7. Bf4 Ng6 8. Be3 e5 9. Bxc4 Bd6 10. Bb5+ Bd7 11. Qb3 0-0 12. 0-0 Nh5 13. Ne2 Bg4 14. Nd2 Bxe2 15. Bxe2 Nhf4 16. Rfe1 Nxe2+ 17. Rxe2 Qd7 1/2-1/2

[Event "Catalunya-chT Gp1"]
[Site "Barcelona"]
[Date "2023.02.25"]
[Round "6.7"]
[White "Garrido Fernandez, Daniel"]
[Black "Pros Heras, Jordi"]
[Result "1/2-1/2"]
[WhiteElo "2281"]
[BlackElo "2061"]
[PlyCount "81"]
[EventDate "2023.01.21"]
[EventType "team-tourn"]
[EventRounds "7"]
[EventCountry "ESP"]
[SourceTitle "CBM 213 Extra"]
[Source "ChessBase"]
[SourceDate "2023.05.31"]
[SourceVersion "1"]
[SourceVersionDate "2023.05.31"]
[SourceQuality "1"]
[WhiteTeam "Foment Martinenc"]
[BlackTeam "Lira Vendrellenca"]
[WhiteTeamCountry "ESP"]
[BlackTeamCountry "ESP"]

1. e4 e6 2. d3 d5 3. Qe2 Nf6 4. Nf3 b6 5. g3 dxe4 6. dxe4 Ba6 7. c4 Bb7 8. e5 Nfd7 9. Bg2 Nc5 10. 0-0 Qd3 11. Qxd3 Nxd3 12. Nc3 a6 13. Rd1 Nxc1 14. Raxc1 Nd7 15. Rd2 Be7 16. Re1 0-0-0 17. Nd4 Bb4 18. Nc6 Bxc6 19. Bxc6 Bxc3 20. bxc3 Nc5 21. Red1 Rxd2 22. Rxd2 Rd8 23. Rxd8+ Kxd8 24. f4 Nd7 25. Kf2 Nb8 26. Be4 h6 27. Ke3 Nd7 28. Bc6 Nc5 29. h4 h5 30. Bf3 g6 31. g4 hxg4 32. Bxg4 Ke7 33. Bf3 Nd7 34. Bc6 Nb8 35. Be4 Nd7 36. Bf3 Nc5 37. Kd4 Kf8 38. Bc6 Ke7 39. Bf3 Kf8 40. Bc6 Ke7 41. Bf3 1/2-1/2

[Event "Tarragona op 8th"]
[Site "Tarragona"]
[Date "2007.08.22"]
[Round "5"]
[White "Pros Heras, Jordi"]
[Black "Del Rio de Angelis, Salvador Gabriel"]
[Result "0-1"]
[WhiteElo "2123"]
[BlackElo "2506"]
[PlyCount "74"]
[EventDate "2007.08.18"]
[EventType "swiss"]
[EventRounds "9"]
[EventCountry "ESP"]
[SourceTitle "CBM 119 Extra"]
[Source "ChessBase"]
[SourceDate "2007.09.04"]
[SourceVersion "1"]
[SourceVersionDate "2007.09.04"]
[SourceQuality "1"]

1. Nf3 c5 2. c4 Nf6 3. Nc3 e6 4. g3 b6 5. Bg2 Bb7 6. 0-0 d5 7. cxd5 Nxd5 8. Re1 Nd7 9. e4 Nxc3 10. dxc3 Be7 11. e5 0-0 12. Qa4 Qc7 13. Qf4 b5 14. c4 bxc4 15. Nd2 Bxg2 16. Kxg2 c3 17. bxc3 c4 18. Qxc4 Rfc8 19. Qxc7 Rxc7 20. Ne4 Nb6 21. Be3 Nd5 22. Bd4 f5 23. exf6 gxf6 24. f4 Kf7 25. Rab1 Rd8 26. Rb3 Rdd7 27. Kf3 a5 28. a4 Rc4 29. Ra1 Nb4 30. Be3 Rd3 31. Nd2 Rcxc3 32. Rxc3 Rxc3 33. Nf1 Nc2 34. Rc1 Ba3 35. Rb1 Bc5 36. Rb7+ Kg6 37. Rc7 Nxe3 0-1

[Event "Tarragona-ch"]
[Site "Tarragona"]
[Date "2003.??.??"]
[Round "5"]
[White "Pros Heras, Jordi"]
[Black "Accensi Estrada, Miguel Angel"]
[Result "1-0"]
[WhiteElo "2235"]
[BlackElo "2265"]
[PlyCount "52"]
[EventDate "2003.??.??"]
[EventType "swiss"]
[EventRounds "9"]
[EventCountry "ESP"]
[SourceTitle "EXT 2007"]
[Source "ChessBase"]
[SourceDate "2006.11.23"]
[SourceVersion "1"]
[SourceVersionDate "2006.11.23"]
[SourceQuality "1"]

1. d4 e6 2. g3 Nf6 3. Bg2 d5 4. Nf3 b6 5. c4 Bb7 6. Ne5 Be7 7. Nc3 0-0 8. 0-0 c6 9. e4 Nbd7 10. Nxc6 Bxc6 11. exd5 exd5 12. cxd5 Bb7 13. d6 Bxg2 14. dxe7 Qxe7 15. Kxg2 Rfd8 16. Qf3 Qb4 17. Rd1 Rac8 18. h4 a5 19. Bg5 Rc4 20. Nd5 Qd6 21. b3 Rc2 22. Qf5 Qc6 23. Kg1 Nxd5 24. Bxd8 Ne3 25. d5 Qb5 26. Qe4 Qe2 1-0

[Event "ESP-chT2"]
[Site "Vila Real"]
[Date "2001.08.15"]
[Round "3"]
[White "Olea Perez, Mario"]
[Black "Pros Heras, Jordi"]
[Result "1-0"]
[WhiteElo "2263"]
[BlackElo "2125"]
[PlyCount "61"]
[EventDate "2001.08.13"]
[EventType "team-tourn"]
[EventRounds "7"]
[EventCountry "ESP"]
[SourceTitle "EXT 2002"]
[Source "ChessBase"]
[SourceDate "2001.11.25"]
[SourceVersion "1"]
[SourceVersionDate "2001.11.25"]
[SourceQuality "1"]

1. d4 d5 2. Nf3 c6 3. c4 Nf6 4. Nc3 dxc4 5. a4 Bf5 6. e3 e6 7. Bxc4 Bb4 8. 0-0 Nbd7 9. Bd2 a5 10. h3 Bg6 11. Ne1 e5 12. Ne2 Bxd2 13. Qxd2 Ne4 14. Qd1 0-0 15. f4 Nd6 16. Bb3 exd4 17. g4 d3 18. Nxd3 Bxd3 19. Qxd3 Nc5 20. Qc2 Nde4 21. Rad1 Qb6 22. Ba2 Rae8 23. Rd4 Re7 24. f5 Rfe8 25. f6 Nxf6 26. Rxf6 gxf6 27. Bb1 Rxe3 28. Qxh7+ Kf8 29. Qh6+ Ke7 30. Qxe3+ Ne6 31. Rd7+ 1-0

[Event "ESP-chT2"]
[Site "Vila Real"]
[Date "2001.08.13"]
[Round "1"]
[White "Pros Heras, Jordi"]
[Black "De la Rocha Prieto, Ramon"]
[Result "0-1"]
[WhiteElo "2125"]
[BlackElo "2283"]
[PlyCount "58"]
[EventDate "2001.08.13"]
[EventType "team-tourn"]
[EventRounds "7"]
[EventCountry "ESP"]
[SourceTitle "EXT 2002"]
[Source "ChessBase"]
[SourceDate "2001.11.25"]
[SourceVersion "1"]
[SourceVersionDate "2001.11.25"]
[SourceQuality "1"]

1. d4 Nf6 2. c4 e6 3. g3 d5 4. Bg2 dxc4 5. Nf3 Nc6 6. 0-0 Rb8 7. Nc3 b5 8. Ne5 Nxe5 9. dxe5 Nd7 10. Bc6 a6 11. Qd4 Bb7 12. Bxb7 Rxb7 13. Qe4 Qc8 14. Rd1 c5 15. a3 b4 16. Nb1 Be7 17. Nd2 c3 18. bxc3 0-0 19. a4 bxc3 20. Nc4 Qc7 21. Ba3 Rfb8 22. f4 Rb3 23. Qd3 Nf8 24. Rab1 f6 25. Qc2 Rxb1 26. Rxb1 Rxb1+ 27. Qxb1 fxe5 28. Qb6 Qxb6 29. Nxb6 exf4 0-1

[Event "Vilanova op"]
[Site "Vilanova"]
[Date "1994.??.??"]
[Round "2"]
[White "Pros Heras, Jordi"]
[Black "Leon Crespo, Gregori"]
[Result "1-0"]
[WhiteElo "2235"]
[BlackElo "2055"]
[PlyCount "59"]
[EventDate "1994.??.??"]
[EventType "swiss"]
[EventRounds "9"]
[EventCountry "ESP"]
[SourceTitle "EXT 2004"]
[Source "ChessBase"]
[SourceDate "2003.11.25"]
[SourceVersion "1"]
[SourceVersionDate "2003.11.25"]
[SourceQuality "1"]

1. d4 Nf6 2. c4 g6 3. Nc3 Bg7 4. Nf3 0-0 5. g3 d6 6. Bg2 Nc6 7. 0-0 a6 8. d5 Na5 9. b3 c5 10. dxc6 Nxc6 11. Bb2 Ne4 12. Qc1 Nc5 13. Nd5 Bxb2 14. Qxb2 Rb8 15. b4 Na4 16. Qc2 Nb6 17. a3 e6 18. Nxb6 Qxb6 19. Qd2 Rd8 20. Rfd1 Qc7 21. Rac1 d5 22. Qh6 f6 23. b5 Ne5 24. cxd5 Nxf3+ 25. Bxf3 Qd6 26. e3 Qe5 27. b6 exd5 28. Rc7 Rd7 29. Bxd5+ Rxd5 30. Qg7# 1-0

[Event "Vilanova op"]
[Site "Vilanova"]
[Date "1994.??.??"]
[Round "4"]
[White "Pros Heras, Jordi"]
[Black "Planas, Rosendo"]
[Result "1/2-1/2"]
[WhiteElo "2235"]
[BlackElo "2330"]
[PlyCount "95"]
[EventDate "1994.??.??"]
[EventType "swiss"]
[EventRounds "9"]
[EventCountry "ESP"]
[SourceTitle "EXT 2004"]
[Source "ChessBase"]
[SourceDate "2003.11.25"]
[SourceVersion "1"]
[SourceVersionDate "2003.11.25"]
[SourceQuality "1"]

1. d4 Nf6 2. c4 e6 3. Nc3 d5 4. Nf3 Be7 5. Bg5 Nbd7 6. e3 c6 7. Qc2 0-0 8. Rd1 Re8 9. Be2 b6 10. 0-0 Bb7 11. Bh4 Rc8 12. Qb1 Qc7 13. Bg3 Bd6 14. Bxd6 Qxd6 15. e4 dxe4 16. Nxe4 Qf4 17. Nxf6+ Nxf6 18. Ne5 c5 19. g3 Qh6 20. f4 Qh3 21. Bf3 Ng4 22. Nxg4 Bxf3 23. Rxf3 Qxg4 24. Re3 cxd4 25. Rxd4 Qh5 26. Qd3 Qc5 27. b3 g6 28. Re5 Qa3 29. Re2 Rc7 30. Qe3 Rec8 31. Red2 Qe7 32. Rd6 Qf6 33. Qe5 Qxe5 34. fxe5 Kf8 35. Kf2 Ke7 36. g4 f6 37. exf6+ Kxf6 38. Rd7 h5 39. gxh5 gxh5 40. Kf3 Kf5 41. Rd1 a6 42. a4 Rxd7 43. Rxd7 b5 44. axb5 axb5 45. Rd4 e5 46. Rh4 bxc4 47. Rxc4 Rd8 48. Ke2 1/2-1/2